000 00315nam a22001337a 4500
008 180215b xxu||||| |||| 00| 0 eng d
020 _a9780716734000
041 _aeng
080 _23rd
_a311
100 _a55
101 _aSTA
245 _aIntroduction to the practice of statistics
_cNotz,W.L
942 _2udc
_cBK
999 _c42700
_d42700